| Поле | Название | Значение |
| |
Тип записи |
a |
| |
Библиографический уровень |
m |
| 001 |
Контрольный номер |
RU\infra-m\znanium\bibl\2237586 |
| 005 |
Дата корректировки |
20260429142107.5 |
| 008 |
Кодируемые данные |
260120s2025 RU g rus u |
| 020 |
Индекс ISBN |
__ |
| a |
ISBN |
978-5-206-00219-5 |
| 040 |
Источник каталогиз. |
__ |
| a |
Служба первич. каталог. |
Общество с ограниченной ответственностью «ЗНАНИУМ» |
| 041 |
Код языка издания |
__ |
| a |
Код языка текста |
rus |
| 044 |
Код страны публикации |
__ |
| a |
Код страны публикации |
RU |
| 080 |
Индекс УДК |
__ |
| a |
Индекс УДК |
821 |
| 084 |
Индекс другой классификации/Индекс ББК |
__ |
| 2 |
Источник индекса |
rubbk |
| a |
Индекс другой классификации/Индекс ББК |
84 |
| 100 |
Автор |
__ |
| a |
Автор |
Будникова И. |
| q |
Полное имя |
Будникова Ирина |
| 245 |
Заглавие |
__ |
| a |
Заглавие |
Непридуманные истории о детстве |
| b |
Продолж. заглавия |
Художественная литература |
| 250 |
Сведения об издании |
__ |
| a |
Основные сведения об издании |
1 |
| 260 |
Выходные данные |
__ |
| a |
Место издания |
Москва |
| b |
Издательство |
Альпина ПРО |
| c |
Дата издания |
2026 |
| 300 |
Физическое описание |
__ |
| a |
Объем |
96 с. |
| 520 |
Аннотация |
__ |
| a |
Аннотация |
Книга представляет собой сборник коротких рассказов каждый из которых — невыдуманная история о каком-либо событии из жизни семьи. Через курьезные а порой и полные драматизма ситуации связанные с детским восприятием жизни автор предлагает вспомнить каково это — быть ребенком ощутить радость бытия и изначальность детских впечатлений. Автор делится воспоминаниями о том как росли ее дети и внуки рассуждает об этапах взросления принципах воспитания связи поколений рассказывает о быте и времени на которое пришлось детство героев. Все это живо проиллюстрировано историями из жизни в виде остроумных зарисовок ярких сцен и сюжетов с порой неожиданной развязкой где ребенок и автор и главное действующее лицо. Книга адресована как взрослым так и детям и подходит для совместного чтения. |
| 521 |
Примеч. о цел. назн. |
__ |
| a |
Примеч. о целев. назн. |
Дополнительное образование взрослых |
| 650 |
Тематические рубрики |
__ |
| a |
Основная рубрика |
Художественная литература. Досуг |
| x |
Основная подрубрика |
Современная российская литература |
| 655 |
Указ. предметных рубрик (устаревшее) |
__ |
| a |
Жанр/ форма (устаревшее) |
Художественная литература |
| 856 |
Электронный адрес документа |
4_ |
| a |
Имя сервера/домена |
znanium.ru |
| m |
Помощь |
ebs_support@infra-m.ru |
| n |
Местонахождение сервера |
НИЦ ИНФРА-М |
| u |
URL |
https://znanium.ru/catalog/document?id=475171 |
| 856 |
Электронный адрес документа |
48 |
| a |
Имя сервера/домена |
znanium.ru |
| d |
Путь |
/cover/2237 |
| f |
Электронное имя |
2237586.jpg |
| q |
Тип электронного формата |
image/jpeg |
| u |
URL |
https://znanium.ru/cover/2237/2237586.jpg |
| 911 |
|
__ |
| u |
|
0030=https://znanium.ru/catalog/document?id=475171 |